00526cam a2200169 a 450000100100000000500170001000800410002704000290006808200210009710000330011824500740015126000310022530000210025665000220027765000240029970000330032300001766920200929165205.0840621s1968 fr 000 0 fre d aDO-SdBNPbfrecLCdBNPHU a841.912bA785ó1 aArtaud, Antonin,d1896-1948.12aL'Ombilic des limbes /cAntonin Artaud ; prólogo D´Alain Jouffroy. aParis :bGallimard,c1968. a255 p. ;c17 cm. 4aPoesía francesa 4aLiteratura francesa1 aJouffroy, D´Alain,epról.